Účetnictví soukromých podnikatelů

Gespeichert in:
Bibliographische Detailangaben
Format: Buch
Sprache:Tschechisch
Veröffentlicht: Praha Hříbal 1990
Ausgabe:2. pozměn. vyd.
Tags: Tag hinzufügen
Keine Tags, Fügen Sie das erste Tag hinzu!

MARC

LEADER 00000nam a2200000 4500
001 c041317
005 20260313093237.8
041 0 |a cze 
044 |a CZ 
245 1 0 |a Účetnictví soukromých podnikatelů  |c Miloslav Janhuba 
250 |a 2. pozměn. vyd. 
264 1 |a Praha  |b Hříbal  |c 1990 
300 |a 93 s.